Age of faith: A history of medieval civilization-Christian, Islamic and Judaic- from Constantine to Danet: A. D. 325-1300 (Record no. 1330138)

MARC details
000 -LEADER
fixed length control field 00623nam a2200193Ia 4500
005 - DATE AND TIME OF LATEST TRANSACTION
control field 20250508151505.0
008 - FIXED-LENGTH DATA ELEMENTS--GENERAL INFORMATION
fixed length control field 008 250505s9999 xx 000 0 eng d
037 ## - SOURCE OF ACQUISITION
Stock number Textual
040 ## - CATALOGING SOURCE
Original cataloging agency FEDL
Language of cataloging eng
Transcribing agency FEDL
041 ## - LANGUAGE CODE
Language code of text/sound track or separate title eng
Source of code eng
084 ## - COLON CLASSIFICATION NUMBER
Classification number 901, DUR
Assigning agency FEDL
100 ## - MAIN ENTRY--PERSONAL NAME
Personal name Durant Will
245 #0 - TITLE STATEMENT
Title Age of faith: A history of medieval civilization-Christian, Islamic and Judaic- from Constantine to Danet: A. D. 325-1300
260 ## - PUBLICATION, DISTRIBUTION, ETC.
Place of publication, distribution, etc. New York, USA
Name of publisher, distributor, etc. Simon and Schuster
Date of publication, distribution, etc. 1950
300 ## - PHYSICAL DESCRIPTION
Extent xviii,1196p
546 ## - LANGUAGE NOTE
Language note The story of civilization
942 ## - ADDED ENTRY ELEMENTS (KOHA)
Koha item type Textual
Classification part 901, DUR
Holdings
Withdrawn status Lost status Damaged status Not for loan Home library Current library Date acquired Total Checkouts Full call number Barcode Date last seen Price effective from Koha item type
        Department of Education Library Department of Education Library 2025-05-08   901, DUR EL0010859 2025-05-08 2025-05-08 Textual
Copyright @ Delhi University Library System